It looks like you're offline.
Open Library logo
additional options menu

MARC record from Internet Archive

LEADER: 03317cam 22008057i 4500
001 ocn897016535
003 OCoLC
005 20200903202639.0
008 160406s2015 nyua j 000 1 eng d
010 $a 2016297759
040 $aYDXCP$beng$erda$cDLC$dYDXCP$dBTCTA$dTOH$dWIM$dIEP$dOCP$dIFA$dJAO$dOCLCF$dOPW$dAU@$dT7L$dBDX$dZAC$dOCLCO$dOCL$dOCLCO$dLAL$dOCLCQ$dOCLCO$dKF5$dOCLCQ$dOCLCO$dWLM$dOCLCQ$dOCLCO$dT3Q$dJX9$dBYV$dOCLCO
019 $a899229855$a908284534$a917255532
020 $a9780545826112$q(paperback)
020 $a054582611X$q(paperback)
020 $a9781480679894$q(Paw Prints)
020 $a1480679895$q(Paw Prints)
020 $a9781484457771
020 $a1484457773
035 $a(OCoLC)897016535$z(OCoLC)899229855$z(OCoLC)908284534$z(OCoLC)917255532
042 $alccopycat
050 00 $aPZ7.S1975$bKe 2015
082 04 $a[E]$223
100 1 $aSander, Sonia,$eauthor.
245 10 $aKeepaway camp /$cby Sonia Sander ; illustrated by Scott Gross.
246 3 $aKeep away camp
264 1 $aNew York, NY :$bScholastic Inc.,$c[2015]
300 $a30 pages :$bcolor illustrations ;$c23 cm.
336 $atext$btxt$2rdacontent
337 $aunmediated$bn$2rdamedia
338 $avolume$bnc$2rdacarrier
490 0 $aScooby-Doo! ;$v#33
490 0 $aScholastic reader. Level 2
500 $aTitle appears as "Sleepaway camp" with a red "K" covering the "Sl" of "Sleepaway."
521 2 $aAppeals to K-2nd graders.
521 0 $aReading level grades 1-2.
520 $aWhile visiting Fred's old summer camp, Scooby and the gang investigate a mysterious Bigfoot, who is trying to scare them away.
600 00 $aScooby-Doo$c(Fictitious character)$vJuvenile fiction.
600 07 $aScooby-Doo$c(Fictitious character)$2fast$0(OCoLC)fst01109059
600 17 $aScooby-Doo (Fictitious character)$vFiction.$2sears
650 0 $aDogs$vJuvenile fiction.
650 0 $aCamps$vJuvenile fiction.
650 0 $aSasquatch$vJuvenile fiction.
650 0 $aDetective and mystery stories.
650 0 $aHumorous stories.
650 1 $aCamps$vFiction.
650 1 $aDogs$vFiction.
650 1 $aMystery and detective stories.
650 1 $aHumorous stories.
650 7 $aCamps.$2fast$0(OCoLC)fst00844959
650 7 $aDetective and mystery stories.$2fast$0(OCoLC)fst00891461
650 7 $aDogs.$2fast$0(OCoLC)fst00896265
650 7 $aHumorous stories.$2fast$0(OCoLC)fst00963818
650 7 $aSasquatch.$2fast$0(OCoLC)fst01105614
655 7 $aMystery fiction.$2gsafd
655 7 $aDetective and mystery fiction.$2fast$0(OCoLC)fst01726581
655 7 $aFiction.$2fast$0(OCoLC)fst01423787
655 7 $aJuvenile works.$2fast$0(OCoLC)fst01411637
655 7 $aDetective and mystery fiction.$2lcgft
700 1 $aGross, Scott,$eillustrator.
710 2 $aHanna-Barbera Cartoons.
830 0 $aScooby-Doo readers ;$v#33.
830 0 $aScholastic reader.$nLevel 2.
856 42 $3Publisher description$uhttps://www.loc.gov/catdir/enhancements/fy1614/2016297759-d.html
938 $aBrodart$bBROD$n111701252
938 $aBaker and Taylor$bBTCP$nBK0016112895
938 $aYBP Library Services$bYANK$n12180749
029 1 $aAU@$b000055137689
029 1 $aAU@$b000064224441
994 $aZ0$bP4A
948 $hNO HOLDINGS IN P4A - 383 OTHER HOLDINGS